000 00758nam a2200241 a 4500
001 BRCA_369
005 20190320202959.0
008 911021s1992 hiua b s001 0 eng
020 _a0824812867
040 _aDLC
_cDLC
_dDLC
050 4 _aNE1323
_b.M46 1992
100 1 _aMerritt, Helen
_91241
245 1 0 _aGuide to Modern Japanese Woodblock Prints
_b1900-1975
_cHelen Merritt and Nanako Yamada
260 _aHonolulu
_bUniversity of Hawaii
_c1992
300 _aX, 365 p.
_bil.
_c27 cm.
500 _aIncluye índice de nombres alternos, glosario
500 _aDonación Fundación Japón
504 _aBibliografía : p. 361-365
650 1 4 _aGrabado
_ySiglo XX
_zJapón
_91242
700 1 _aYamada, Nanako
_d1939-
_91243
902 _aDFJ
942 _2lcc
_cB
999 _c306
_d306